| 000 | 00792nam a2200253 a 4500 | ||
|---|---|---|---|
| 001 | 65468 | ||
| 003 | BD-RjUL | ||
| 005 | 20211209081429.0 | ||
| 008 | 170306s1948 nyua 001 0aeng | ||
| 035 | _a(BD-RjUL)65598 | ||
| 040 |
_aDLC _cDLC _dBD-RjUL _beng |
||
| 041 | 1 | _aengrus | |
| 082 |
_223 _a792.023092 _bSTM 1948 |
||
| 100 | 1 |
_aStanislavsky, Konstantin, _d1863-1938. _9185717 |
|
| 245 | 1 | 0 |
_aMy life in art / _cby Constantin Stanislavski |
| 250 | _a5th ed. | ||
| 260 |
_aNew York : _bGeoffrey Bles, _c1948 |
||
| 300 |
_aix, 586 p. : _bill. ; _c21 cm. |
||
| 500 | _aIncludes index. | ||
| 600 | 1 | 0 |
_aStanislavsky, Konstantin, _d1863-1938. _9185717 |
| 650 | 0 |
_aActors _zSoviet Union _xBiography. _9193753 |
|
| 650 | 0 |
_aActing teachers _zSoviet Union _xBiography. _9193754 |
|
| 942 |
_2ddc _cBK |
||
| 999 |
_c65468 _d65468 |
||